| 000 | 00388nam a2200145Ia 4500 | ||
|---|---|---|---|
| 008 | 150201s2008 xx 000 0 und d | ||
| 082 |
_a617.6342 _bE2008I |
||
| 100 | _aINGLE,JOHN J. | ||
| 245 | _aINGLES ENDODONTICS | ||
| 250 | _a6TH | ||
| 260 |
_bC.B.S PUBLISHERS & DISTRIBUTERS _aDELHI _c2008 |
||
| 300 | _a1-1555 | ||
| 650 | _aCONSERVATIVE DENTISTRY & ENDODONTICS | ||
| 942 |
_2ddc _cBK _02 |
||
| 999 |
_c4522 _d4522 |
||